Statistics for Italian soccer teams

Click here to take the quiz!

General Stats

  • This quiz has been taken 1,066 times
  • The average score is 13 of 20

Answer Stats

HintAnswer% Correct
JJuventus
96%
IInter Milan
94%
NNapoli
87%
RRoma
86%
FFiorentina
80%
LLazio
80%
TTorino
74%
UUdinese
74%
AAC Milan
66%
AAtalanta
63%
GGenoa
62%
SSampdoria
61%
VVerona
57%
BBologna
56%
CCagliari
55%
PParma
50%
SSassuolo
49%
CChievo
42%
LLivorno
31%
CCatania
27%

Score Distribution

Percentile by Number Answered

Percent of People with Each Score

Your Score History

You have not taken this quiz